1000+ Car Brand - Statistics

General Stats
  • This quiz has been taken 309 times
  • The average score is 408 of 1015
Answer Stats
Answer % Correct
AUDI
91%
Audi
91%
K
91%
BMW
90%
i
90%
Ford
89%
Honda
88%
Hyundai
88%
Chevrolet
87%
Ferrari
87%
Mercedes
87%
MercedesBenz
87%
Toyota
87%
Lamborghini
86%
Kia
85%
Nissan
85%
Renault
85%
Bentley
84%
Dodge
84%
Fiat
84%
Porsche
84%
Volkswagen
84%
Alpha
83%
Jeep
83%
LandRover
82%
Li
82%
Mitsubishi
82%
Peugeot
82%
Volvo
82%
AC
81%
Citroën
81%
Le
81%
Mazda
81%
Suzuki
81%
AstonMartin
80%
Bugatti
80%
Cadillac
80%
Jaguar
80%
Lada
80%
Maserati
80%
Opel
80%
Subaru
80%
Tesla
80%
Lexus
79%
RollsRoyce
79%
Saab
79%
AlfaRomeo
78%
Buick
78%
SEAT
78%
Škoda
78%
Chrysler
77%
GMC
77%
Lincoln
77%
Acura
76%
Hummer
76%
Infiniti
75%
Koenigsegg
75%
Mini
75%
Lancia
74%
Lotus
74%
Tata
74%
W
74%
Daewoo
73%
Pontiac
73%
SantaMatilde/SM
73%
Mercury
72%
Smart
72%
Abarth
71%
Maybach
71%
BYD
70%
Daihatsu
70%
Holden
70%
Dacia
69%
MAN
69%
Oldsmobile
69%
Plymouth
69%
Scion
69%
Vauxhall
69%
Alpine
68%
Genesis
68%
Isuzu
68%
Rover
68%
Saturn
68%
Scania
67%
Daimler
66%
MG
66%
Proto
66%
Shelby
66%
Cupra
65%
DS
65%
GR
65%
KTM
65%
AMC
64%
Ascari
64%
Caterham
64%
DAF
64%
McLaren
64%
Proton
64%
TVR
64%
Alpina
63%
Austin
63%
Hino
63%
Saleen
63%
Ssangyong
63%
AMG
62%
Ariel
62%
Chery
62%
Geely
62%
Polestar
62%
Yamaha
62%
Brabus
61%
Eagle
61%
Fisker
61%
Geo
61%
Noble
61%
Packard
61%
Pan
61%
El
60%
Mack
60%
Ruf
60%
DR
59%
JAC
59%
9ff
58%
CAR
58%
Hennessey
58%
Karma
58%
Nio
58%
Rivian
58%
Spyker
58%
Mahindra
57%
Radical
57%
Devel
56%
Faraday
56%
Kawasaki
56%
Landwind
56%
Lucid
56%
Qoros
56%
SIN
56%
Troll
56%
Xiaomi
56%
XPeng
56%
Chang'an
55%
Changan
55%
Edsel
55%
HarleyDavidson
55%
Horch
55%
Ranger
55%
Triumph
55%
Troller
55%
UAZ
55%
ABTline
54%
ARO
54%
BMWM
54%
General
54%
GreatWall
54%
Iso
54%
Lloyd
54%
Morgan
54%
DavidBrown
53%
DeTomaso
53%
Elfin
53%
Maruti
53%
Micro
53%
Tatra
53%
BAIC
52%
Bertone
52%
Byton
52%
Denza
52%
Edison
52%
JMC
52%
Lister
52%
Morris
52%
SAIC
52%
Venturi
52%
Aiways
51%
Aixam
51%
Atom
51%
AustinHealey
51%
Callaway
51%
Chevron
51%
Dongfeng
51%
Elva
51%
UDTrucks
51%
Vector
51%
Zenvo
51%
Artega
50%
DFSK
50%
GAZ
50%
Ineos
50%
Innocenti
50%
Lagonda
50%
Peel
50%
Puma
50%
Singer
50%
Wanderer
50%
Wiesmann
50%
Zeekr
50%
Afeela
49%
Alta
49%
Aspa
49%
Bristol
49%
Cobra
49%
DB
49%
Exeed
49%
F&M
49%
Foton
49%
IM
49%
IVECO
49%
Iveco
49%
Leyland
49%
MarutiSuzuki
49%
Piaggio
49%
Prince
49%
Riley
49%
Wey
49%
Adam
48%
Aspark
48%
Astra
48%
Borgward
48%
Canoo
48%
Cheetah
48%
CMC
48%
Coda
48%
DeLorean
48%
DeSoto
48%
Force
48%
Formosa
48%
Hillman
48%
Jordan
48%
Panther
48%
Poer
48%
WesternStar
48%
Yugo
48%
AITO
47%
Alvis
47%
AMGeneral
47%
AMI
47%
Arrival
47%
AshokLeyland
47%
Auburn
47%
Avia
47%
Dina
47%
Eicher
47%
Falcon
47%
Healey
47%
Nismo
47%
OSCA
47%
Reliant
47%
Willys
47%
zam
47%
Zotye
47%
Acadian
46%
Aero
46%
Agrale
46%
AIL
46%
Aion
46%
Albion
46%
Arcfox
46%
Asüna
46%
Australis
46%
Bajaj
46%
Berkeley
46%
Bitter
46%
BritishLeyland
46%
Brooks
46%
Bullet
46%
Buss
46%
Checker
46%
Cord
46%
Devon
46%
Emme
46%
FordCanada
46%
Joss
46%
London
46%
MW
46%
Nobe
46%
ORA
46%
Premier
46%
Qvale
46%
Simca
46%
STI
46%
Toyopet
46%
UMM
46%
ADK
45%
Ajax
45%
Alternative
45%
Amil
45%
Apal
45%
ASA
45%
Ascort
45%
Attica
45%
Aurus
45%
AustralianSix
45%
Bahman
45%
Ballot
45%
Bedford
45%
Beijing
45%
BeijingOffroad
45%
BelAZ
45%
Birkin
45%
BriggsBAC
45%
Britishoration
45%
CAMI
45%
Canadian
45%
Canadians
45%
Candia
45%
Ceer
45%
Chamonix
45%
Colt
45%
Corona
45%
ELVO
45%
Enfield
45%
Epic
45%
Equus
45%
ErAZ
45%
Excelsior
45%
FiatChryslerCanada
45%
FordRomania
45%
FordWerke
45%
Frazer
45%
Gonow
45%
GTR
45%
Jawa
45%
Jensen
45%
Leitch
45%
Local—
45%
Mont
45%
NEVS
45%
Orca
45%
Princess
45%
Protea
45%
Queen
45%
Rába
45%
Raceabout
45%
Racefab
45%
Record
45%
Runner
45%
Tyrrell
45%
Ultra
45%
Union
45%
VinFast
45%
Alesbury
44%
Almac
44%
Alphaoration
44%
Arash
44%
ArmstrongSiddeley
44%
Asia
44%
AtlasHonda
44%
AustroDaimler
44%
BeijingWorks
44%
BelGee
44%
Bestune
44%
Brems
44%
Brock
44%
Campagna
44%
Chambers
44%
Changfeng
44%
CityEl
44%
Dadi
44%
Dennison
44%
Denzel
44%
Devrim
44%
Effa
44%
Elio
44%
Envoy
44%
FordBalt
44%
FordUnion
44%
Fraser
44%
Ganja
44%
GeelyGalaxy
44%
GeelyGeometry
44%
GeelyJili
44%
GhandharaNissan
44%
GreenPower
44%
Haima
44%
Heron
44%
HiTech
44%
Hudson
44%
Humber
44%
Indus
44%
IndustriesMécaniquesMaghrébines/IMM
44%
Jaecoo
44%
JBus
44%
Jösse
44%
Juwel
44%
Kenworth
44%
LaFayette
44%
Lanchester
44%
LaSalle
44%
LondonSix
44%
Midas
44%
Minerva
44%
Moon
44%
Nexus
44%
ÖAF
44%
Oakland
44%
Pagani
44%
Prevost
44%
Python
44%
Rossion
44%
Studebaker
44%
Sunbeam
44%
Super
44%
Think
44%
Uri
44%
Uz
44%
Vehicle
44%
Vespa
44%
Yangwang
44%
Zimmer
44%
ZX
44%
AmericanSimplex
43%
BabyBrousse
43%
BritishSalmson
43%
Carlton
43%
CT&T
43%
Diana
43%
FirstWorksFAW
43%
GeneralCanada
43%
Glas
43%
Möve
43%
Rising
43%
Trojan
43%
Vanaja
43%
Anadol
42%
Aurica
42%
AustroTatra
42%
Balkania
42%
Baojun
42%
Beattie
42%
Berliet
42%
BET
42%
bianchi
42%
Blade
42%
Bond
42%
Buckle
42%
Buckler
42%
Buddy
42%
Colonial
42%
Crosley
42%
Crossley
42%
Deepal
42%
Delahaye
42%
DIM
42%
Drako
42%
Elcat
42%
EZGO
42%
Fejes
42%
GhandharaIndustries
42%
Glaspac
42%
GordonMurray
42%
Mistral
42%
Monarch
42%
Neobus
42%
Obvio
42%
PolarSun
42%
Polarsun
42%
PrinceDFSK
42%
Puch
42%
Shamrock
42%
SSC
42%
Standard
42%
Steyr
42%
Sundown
42%
Superformance
42%
THACO
42%
ToyotaCanada
42%
UnitedIndustries
42%
Uri&EquipmentMarketing
42%
Uttara
42%
Wallys
42%
Wartburg
42%
Youngman
42%
Alatac
41%
Amati
41%
Amphi
41%
Arrinera
41%
Aspid
41%
Bizzarrini
41%
Bollinger
41%
Changhe
41%
Delage
41%
FAWPakistan
41%
Gatter
41%
Gillet
41%
Lifan
41%
Marlborough
41%
Oltcit
41%
Sofia
41%
Swallow
41%
Tornado
41%
Turner
41%
VWPorsche
41%
Walter
41%
Wood
41%
YamahaPakistan
41%
Yema
41%
YueLong/Yulon/YLN
41%
ZENN
41%
Zeta
41%
ZiL
41%
Aletra
40%
AngloDane
40%
Beaumont
40%
Buchanan
40%
Bufori
40%
BushRanger
40%
Credo
40%
Crowther
40%
Durant
40%
Finch
40%
Foday
40%
GAC
40%
Germain
40%
Haval
40%
Heinkel
40%
HumanHorizons
40%
KingLong
40%
KrAZ
40%
Luxgen
40%
MÁG
40%
Master
40%
Minsk
40%
Neorion
40%
Norsk
40%
Nota
40%
Pipe
40%
Qiyuan
40%
Reva
40%
Talbot
40%
Trion
40%
Walton
40%
Warwick
40%
Wheego
40%
Allard
39%
Amherst
39%
AzSamand
39%
Birchfield
39%
Bolwell
39%
Bugre
39%
Firefly
39%
FNM
39%
Hindustan
39%
Hupmobile
39%
Saenara
39%
SAV
39%
ThunderPower
39%
Trident
39%
VELAM
39%
Wuling
39%
AmazonasEspeciais
38%
Biamax
38%
Bricklin
38%
Detroit
38%
Freightliner
38%
Impéria
38%
Imperial
38%
Lynk&Co
38%
Messerschmitt
38%
MooseJawStandard
38%
Rambler
38%
Redline
38%
Salmson
38%
Tarrant
38%
Tracta
38%
Arcimoto
37%
Avelloz
37%
Baolong
37%
Bjering
37%
Casalini
37%
Clan
37%
Clinton
37%
Czinger
37%
DKW
37%
Edran
37%
Eunos
37%
Holland
37%
Izh
37%
KiaLucky
37%
Leap
37%
Maextro
37%
Marussia
37%
Pieper
37%
Voltz
37%
ChryslerEurope
36%
Dellow
36%
Gemballa
36%
GTA
36%
IndustriasAeronáuticasyMecánicasdelEstado/IAME/MechanicalAircraftIndustriesoftheState
36%
IndustriasKaiserArgentina/IKA
36%
Isdera
36%
MahindraLimited
36%
MBM
36%
Peerless
36%
Rimac
36%
Xinkai
36%
Amplex
35%
Andino
35%
AvatrTechnology
35%
Borland
35%
CaldwellVale
35%
DeJoux
35%
Donkervoort
35%
Everson
35%
Evolute
35%
Eysink
35%
FrazerNash
35%
GSM
35%
IDAOpel
35%
Italdesign
35%
Ligier
35%
Maxwell
35%
Mitsuoka
35%
Monteverdi
35%
Nash
35%
SteyrGmbH
35%
UROVESA
35%
Wolseley
35%
Anasagasti
34%
Anteros
34%
Anziel
34%
Bremach
34%
CaioIndus
34%
CheryNewEnergy
34%
Custoca
34%
Dansk
34%
DominionFrontenac
34%
DongfengFengshen
34%
EBIAM
34%
Eniak
34%
Etox
34%
Flaid
34%
Frontenac
34%
Giannini
34%
GordonKeeble
34%
ICML
34%
Kaiser
34%
Kiira
34%
McRae
34%
MitsubishiFuso
34%
Mosler
34%
Omoda
34%
Rinspeed
34%
TAM
34%
TA Z
34%
Bolloré
33%
Bulgarrenault
33%
Chatenet
33%
Csonka
33%
DeWandre
33%
Eurostarmobilwerk
33%
FSO
33%
GACIreland
33%
Goliath
33%
Hicom
33%
HondaAtlasPakistan
33%
Hotchkiss
33%
HSV
33%
IBA
33%
Ikarus
33%
Ilinga
33%
Navistar
33%
Perodua
33%
RAESR
33%
RamTrucks
33%
RoyalStar
33%
RW
33%
TechArt
33%
ThaiRung
33%
Timor
33%
TOGG
33%
Volare
33%
Bulgaralpine
32%
ChanganNevo
32%
Comarth
32%
Derways
32%
DOKING
32%
Dutton
32%
Hartnett
32%
Jacer
32%
KamAZ
32%
Matra
32%
Oshan
32%
Paramount
32%
Santana
32%
Zastava
32%
Cizeta
31%
Covini
31%
Ginetta
31%
Laraki
31%
LeaFrancis
31%
Moskvich
31%
RenaultSamsung
31%
Roewe
31%
Shrike
31%
Soueast
31%
Soueast/Dongnan
31%
Spartan
31%
SteelBrothers
31%
VAM
31%
AvioCostruzioni
30%
Chinkara
30%
Csepel
30%
Duesenberg
30%
Envemo
30%
Everus
30%
Exlantix
30%
FacelVega
30%
FAP
30%
FerrariPolski
30%
HispanoSuiza
30%
Jetour
30%
Luxeed
30%
Metropolitan
30%
Moskvitch
30%
Panhard
30%
PGO
30%
Pindad
30%
Polaris
30%
Vicinity
30%
Wikov
30%
Zanella
30%
Devaux
29%
Fairthorpe
29%
Gilbern
29%
Hansa
29%
Hinopak
29%
HTT
29%
IndiobyBedford
29%
Intermeccanica
29%
Keating
29%
ChenardWalcker
28%
ComilÔnibus
28%
Delecroix
28%
Diar
28%
Esemka
28%
FABRAL
28%
Hulme
28%
Invicta
28%
IranKhodro
28%
Peterbilt
28%
Praga
28%
BrasincaUirapuru
27%
DongfengNammi
27%
Hafei
27%
HispanoArgentina
27%
HyundaiNishat
27%
Inva
27%
Jiangling
27%
Jinbei
27%
Jowett
27%
Kaipan
27%
Karos
27%
LloydHartnett
27%
McLaughlin
27%
MGJW
27%
NashHealey
27%
Naza
27%
Nyayo
27%
Onvo
27%
Panoz
27%
Venucia
27%
ChienThang
26%
Cisitalia
26%
Darracq
26%
ĐuroĐaković
26%
Hercules
26%
HondaCanada
26%
HultHealey
26%
Hyptec
26%
Innoso
26%
Inokom
26%
Jehle
26%
LotusCortina
26%
Lyons
26%
MagnaSteyr
26%
Marcopolo
26%
Merkur
26%
NewFlyer
26%
Özaltin
26%
RenaultTrucks
26%
Sisu
26%
Yutong
26%
DelaChapelle
25%
Felberroller
25%
Fengon
25%
Gareau
25%
Hwanghai
25%
JeecyVea
25%
JPX
25%
Keraboss
25%
Krampers
25%
LIAZ
25%
LionBus
25%
Litex
25%
LorraineDietrich
25%
Marauder
25%
Marquette
25%
Mathis
25%
Meteor
25%
MHero
25%
Mobius
25%
NovaBus
25%
NSU
25%
Revoz
25%
Rosenbauer
25%
SavageRivale
25%
Granu
24%
GrayDort
24%
Huali
24%
Kantanka
24%
KishKhodro
24%
Lobini
24%
ManicGT
24%
Marmon
24%
MAVA
24%
MVM
24%
Namco
24%
NanjingGoldenDragonBus
24%
Nasr
24%
Novoplan
24%
NuRideInc
24%
OptimalEnergy
24%
PakSuzuki
24%
Pegaso
24%
Pininfarina
24%
RenaultNissanMitsubishiAlliance
24%
Rosengart
24%
Saehan
24%
Saker
24%
Sao
24%
Spirra
24%
TANK
24%
Vencer
24%
Yusheng
24%
DeDionBouton
23%
DewanFarooque
23%
Fangchengbao
23%
Geijer
23%
GerardFarre
23%
GMK
23%
GMKorea
23%
Goggomobil
23%
HeavyIndustriesTaxila
23%
Jonwayde
23%
Korres
23%
Libelle
23%
Lonsdale
23%
Lotec
23%
Magirus
23%
Mercer
23%
Miura
23%
Mixte
23%
MTX/Metalex
23%
Perana
23%
ROMIS
23%
SAIPA
23%
Theologou
23%
Voyah
23%
Yuejin
23%
HongqiRedFlag
22%
Kongsberg
22%
MillatTractors
22%
Paykan
22%
PolskiFiat
22%
ReplicarHellas
22%
Shinjin
22%
SouthernCross
22%
Timmis
22%
HaydenDart
21%
Hurtan
21%
Izuogu
21%
Mascarello
21%
Mastretta
21%
NMKV
21%
ParsKhodro
21%
Rezvani
21%
Techrules
21%
Gräf&Stift
20%
Grofri
20%
Hulas
20%
Kaditcha
20%
Karenjy
20%
Ntekop
20%
PirinFiat
20%
Speranza
20%
Statesman
20%
SteyrDaimlerPuch
20%
Trumpchi
20%
KhodroKaveer
19%
Korvensuu
19%
LohnerPorsche
19%
Melex
19%
PVP
19%
Shaka
19%
SpaniaGTA
19%
TalbotLago
19%
TD
19%
FarboudLimited
18%
Grecav
18%
Maxus
18%
meccanica
18%
Seres
18%
SlovBus
18%
TagAZ
18%
Zacua
18%
HozonNeta
17%
Huayang
17%
StylKar
17%
Sungri
17%
TAV
17%
MEBEA
16%
Nakhchivan
16%
PRB
16%
Tudhope
16%
Valmet
16%
Gurgel
15%
HawtaiHuatai
15%
HuachenBrilliance
15%
Miesse
15%
Minetti
15%
PanhardetLevassor
15%
Portaro
15%
PurvisEureka
15%
SamKochAvto
15%
Sollers
15%
Staver
15%
Tauro
15%
Trabant
15%
Voisin
15%
ZagrossKhodro
15%
ZastavaTERVO
15%
Kioleides
14%
Shaanxi
14%
Siata
14%
StearnsKnight
14%
ZbrojovkaBrno
14%
FAWTianjinXiali
13%
GirardinMinibus
13%
Pellandini
13%
SunbeamTalbot
13%
Tramontana
13%
Valtra
13%
Giocattolo
12%
Melkus
12%
ShahabKhodro
12%
Tofaş
12%
Trekka
12%
TroligaBus
12%
Mazzanti
11%
Pragoti
11%
Rengsjöbilen
11%
Scavas
11%
Stohr
11%
Meeussen
10%
Stelato
10%
Stelka
10%
TakeokaCraft
10%
SipaniSunrise
9%
Temsa
9%
Velorex
9%
Pyeonghwa
8%
Saviem
8%
Springuel
8%
Vivinus
8%
FCASrbija
7%
GobronBrillié
7%
Morattab
7%
Sazgar
7%
Tushek&Spigel
7%
VDLNed
7%
Vinaxuki
7%
Vincke
7%
Giottiline
6%
ShanghaiMapleGuorun
6%
SpadaVetture
6%
VandenPlas
6%
Senova
4%
Tangalakis
4%
Tjorven
4%
VanDoorne'smobielFabrieken
4%
kinitoviomihaniaEllados
3%
ɛ̃fini
1%
Shuanghuan
1%
SichuanTengzhong
1%
TMCCostin
1%
Toroidion
1%
ScuderiaCameronGlickenhaus
0%
TecnologiamotivaCatarinense
0%
Trnavskévézávody
0%
No matching quizzes found
Score Distribution
Percent of People with Each Score
Percentile by Number Answered
Your Score History
You have not taken this quiz